| 000 | 02495nam a2200457 a 4500 | ||
|---|---|---|---|
| 999 |
_c111438 _d111438 |
||
| 003 | BLK | ||
| 005 | 20250225142202.0 | ||
| 008 | 180409b bul|||||r ||||||| ||bul|| | ||
| 010 | _aKNG00116783000 | ||
| 020 | _a954-621-221-0 | ||
| 020 | _a954-528-467-6 | ||
| 040 | _aBLK | ||
| 041 |
_aBUL _cBUL |
||
| 080 |
_aИстория на България _b94(497.2) _z94(497.2) |
||
| 080 |
_aБългарските земи през ХVІІ и първата половина на ХVІІІ век. Засилване на гнета върху българския народ и съпротивата му _b94(497.2)"1601/1760" _z94(497.2)"1601/1760" |
||
| 080 |
_aПериод на кризата на феодализма, зараждане на капиталистически отношения. Възраждане на българския народ (II пол. на ХVIII в. - 1878 г.) _b94(497.2)"1750/1878" _z94(497.2)"1750/1878" |
||
| 139 |
_aИстория на българите _bИ 95 |
||
| 245 | 1 | 0 |
_aИстория на българите _bВ 8 т. : Т. 1 - _cпредг. от Григор Петров Велев; авт. на том Елена Александрова Грозданова; под ред. на на том Георги Марков. _nТ. 2 _pКъсно средновековие и Възраждане |
| 257 | _aBGR | ||
| 260 |
_bЗнание _c2003 - _fСофия : Д. Благоев _aСофия |
||
| 300 | _c28 см | ||
| 380 | _a9 | ||
| 500 | _aИзд. на Науч. център за бълг. нац. стратегия | ||
| 650 | 0 |
_aБългария - история _9244493 |
|
| 650 | 4 |
_aВъзраждане - България _9243355 |
|
| 650 | 7 |
_aБългария - история, средни векове _2 _9149610 |
|
| 651 | 4 |
_aБългария _9241624 |
|
| 653 | _aистория | ||
| 653 | _aВъзраждане | ||
| 700 |
_aВелев, Григор Петров _d1935-2020 _9375865 |
||
| 700 | 1 |
_aГрозданова, Елена Александрова _eавт. на том _9367674 |
|
| 700 | 1 |
_aМарков, Георги _eпод ред. на на том _9364638 |
|
| 760 | 1 |
_dТруд, 2004 _h756 с. : с ил. _tТ. 2 Късно средновековие и Възраждане |
|
| 852 | _aЦб ІІ 11973 | ||
| 856 | 4 | _qpdf | |
| 856 | 4 | _qpdf | |
| 942 |
_cKNG _n0 _06 _s1 |
||
| 944 |
_aCR _c03.01.2005 _k30529 _lДиана Гривева |
||
| 944 |
_aED _c09.10.2007 |
||
| 999 | _d111438 | ||